000 00460nam a2200181Ia 4500
001 11223
005 20260306161930.0
008 260306t2018||||xx |||||||||||||| ||spa||
041 _aESP
082 _a985.019
_bM61C
100 _aMinisterio de Cultura del Perú
_eAUT
245 0 _aCamino al Titicaca:
_btramo La Raya - Desaguadero
260 _c2018
300 _a136 páginas :
_c23 cm.
650 _aGEN
654 _aCHU
942 _cLIB
_dJUS
_fJUS
_2ddc
_n
999 _c11223
_d11223